FAO agricultural servicies bulletin Vol.70 Paddy drying manual

Spremljeno u:
Bibliografski detalji
Glavni autor: Norman Teter
Format: Knjiga
Jezik:Undetermined
Izdano: Rome FAO 1987
Teme:
Oznake: Dodaj oznaku
Bez oznaka, Budi prvi tko označuje ovaj zapis!
Thư viện lưu trữ: Trung tâm Học liệu Trường Đại học Cần Thơ
LEADER 00548nam a2200205Ia 4500
001 CTU_3723
008 210402s9999 xx 000 0 und d
020 |b 35df 
082 |a 630 
082 |b F218/V.70 
100 |a Norman Teter 
245 0 |a FAO agricultural servicies bulletin Vol.70 
245 0 |b Paddy drying manual 
245 0 |c Norman Teter 
260 |a Rome 
260 |b FAO 
260 |c 1987 
650 |a rice harvesting 
904 |i Nguyễn Quang Điền, 960530 
980 |a Trung tâm Học liệu Trường Đại học Cần Thơ